| 000 | 01005nam a22002417a 4500 | ||
|---|---|---|---|
| 999 |
_c19654 _d19654 |
||
| 003 | OSt | ||
| 005 | 20240313100925.0 | ||
| 008 | 240313b ||||| |||| 00| 0 eng d | ||
| 040 | _c0 | ||
| 082 | _aDPer 621.317 Ie21 August 2022 v.37 n. 8 | ||
| 100 |
_aZhang, Yiming. _eauthor. _954532 |
||
| 245 |
_aMisalignment-tolerant dual-transmitter electric vehicle wireless charging system with reconfigurable topologies / _cYiming Zhang, Wenbin Pan, Hui Wang, Zhiwei Shen, Yuanchao Wu, Jiqing Dong, and Xingkui Mao |
||
| 260 |
_aNew York; _bThe Institute of Electrical and Electronics Engineers, Inc., _cAugust 2022. |
||
| 300 |
_avolume 37, _bpages 8816-8819, _cillustration. |
||
| 700 |
_aZhang, Yiming. _eauthor. _954532 |
||
| 700 |
_aPan, Wenbin. _eauthor. _954533 |
||
| 700 |
_aWang, Hui. _eauthor. _954535 |
||
| 700 |
_aShen, Zhiwei. _eauthor. _954537 |
||
| 700 |
_aWu, Yuanchao. _eauthor. _954539 |
||
| 700 |
_aDong, Jiqing. _eauthor. _954541 |
||
| 700 |
_aMao, Xingku. _eauthor. _954543 |
||
| 942 |
_2ddc _cPER |
||